|
|
|
|
| LEADER |
00000nam a2200000 a 4500 |
| 001 |
UCJ9399 |
| 003 |
CL-VaPUC |
| 008 |
070316e20020000AG |||||||||||||||||por|d |
| 020 |
|
|
|a 9506733228
|
| 082 |
0 |
4 |
|a 469.700158
|b AND
|2 21
|
| 100 |
0 |
|
|a Andrade Serra, Maria Lúcia de
|e author
|9 519381
|
| 700 |
0 |
|
|a Mattos Abreu, Regina Maria
|e author
|9 519382
|
| 245 |
1 |
0 |
|a Manual prático de fonética portuguesa: um curso para hispano-falantes
|
| 250 |
|
|
|a 1a. ed
|
| 300 |
|
|
|a 185 p
|
| 942 |
|
|
|c BK
|
| 945 |
|
|
|d 20070316 00:00:00
|a cmena
|
| 260 |
|
|
|a Rosario
|b UNR
|c 2002
|
| 500 |
|
|
|a Incluye Cd-Rom
|
| 650 |
|
7 |
|a IDIOMA PORTUGUES
|2 CL-VaPUC
|9 519383
|
| 650 |
|
0 |
|a Fonética
|9 308371
|
| 650 |
|
0 |
|a Educación lingüística
|9 306506
|
| 650 |
|
0 |
|a Manuales
|9 257144
|
| 650 |
|
0 |
|a Métodos de enseñanza
|9 270413
|
| 583 |
|
|
|a last modification
|c 20070316 00:00:00
|k Rodrigo Vera
|
| 999 |
|
|
|c 324927
|d 324925
|
| 952 |
|
|
|0 0
|1 0
|4 0
|6 469_700158000000000_AND_2002
|7 0
|8 F
|9 405318
|a BIBEDU
|b BIBEDU
|d 2019-11-22
|i 432532K
|l 1
|o 469.700158 AND 2002
|p 432532K
|r 2022-06-28
|s 2022-06-28
|w 2019-11-22
|y BK_F
|k MUS
|